| 000 | 00673nam a2200217 u 4500 | ||
|---|---|---|---|
| 005 | 20240228063935.0 | ||
| 008 | 080610s2007 r 000 0 eng d | ||
| 020 | _a9788424119041 | ||
| 035 | _aUPN01000156731 | ||
| 049 | _aI | ||
| 050 | 4 |
_aPZ76.3 _bS2.44 |
|
| 100 | 1 |
_aSayalero, Myriam _940098 |
|
| 245 | 1 | 3 |
_aLa liebre y la tortuga / _cadapt. de textos Myriam Sayalero ; il. Fernando Noriega. |
| 260 |
_aLeón, Esp. : _bEverest, _c2007. |
||
| 300 |
_a16 p. : _bprincipalmente il. col. |
||
| 440 | 0 | _aGirasol | |
| 650 | 0 |
_aAnimales _vCuentos y leyendas _9234 |
|
| 650 | 4 |
_aLibros y lectura para niños _92290 |
|
| 700 | 1 |
_aNoriega, Fernando, _eil. |
|
| 905 | _aInfantil | ||
| 999 |
_c128845 _d128845 |
||